ბათუმის შოთა რუსთაველის სახელმწიფო უნივერსიტეტის ბიბლიოთეკა

ძვლებისა და სახსრების ზოგიერთი პათოლოგიის ოპერაციის ტექნიკა : (ბიბ.ჩანაწერი № 62875)

000 -ლიდერი
ფიქსირებული სიგრძის საკონტროლო ველი 01026nam a22001937a 4500
003 - საკონტროლო ნომრის იდენტიფიკატორი
საკონტროლო ველი Ge_BSU
005 - ბოლო ოპერაციის თარიღი და დრო
საკონტროლო ველი 20250313171148.0
008 - ფიქსირებული სიგრძის მონაცემთა ელემენტები - ზოგადი ინფორმაცია
ფიქსირებული სიგრძის საკონტროლო ველი 250313s1978 ge ||||| |||| 00| 0 geo d
041 ## - ენის კოდი
Language code of text/sound track or separate title geo
080 ## - უნივერსალური ათობითი კლასიფიკაციის ინდექსი
Universal Decimal Classification number 616.71-089(084.4) ყ-98
100 ## - მთავარი ჩანაწერი - პიროვნების სახელი
Personal name ყუფარაძე, მ.
9 (RLIN) 24556
245 ## - ცნობა სათაურის შესახებ
Title ძვლებისა და სახსრების ზოგიერთი პათოლოგიის ოპერაციის ტექნიკა :
Remainder of title [ატლასი]. წ. 1, მენჯ-ბარძაყის, მუხლისა და კოჭ-წვივის სახსრები /
Statement of responsibility, etc მ. ყუფარაძე.
264 ## - წარმოების, გამოცემის, დისტრიბუციის და სხვა ცნობები
გამოცემის, წარმოების, დისტრიბუციის... ადგილი თბილისი :
გამოცემის, წარმოების, დისტრიბუციის... სახელწოდება საბჭ. საქართველო,
გამოცემის, წარმოების, დისტრიბუციის... თარიღი 1978.
300 ## - ფიზიკური აღწერა
Extent 91 გვ. :
Other physical details ილ.;
Dimensions 34 სმ.
653 ## - INDEX TERM--UNCONTROLLED
Uncontrolled term ძვლის პათოლოგიის ოპერაციული ტექნიკა
653 ## - INDEX TERM--UNCONTROLLED
Uncontrolled term ატლასები.
653 ## - INDEX TERM--UNCONTROLLED
Uncontrolled term მედიცინა
942 ## - ADDED ENTRY ELEMENTS (KOHA)
Source of classification or shelving scheme
Koha item type წიგნი
ეგზემპლარები
ჩამოწერის სტატუსი დაკარგული ეგზემპლარის სტატუსი კლასიფიკაციის წყარო ან თაროზე გაწყობის სქემა დაზიანების სტატუსი არ გაიცემა მუდმივი მდებარეობა (დაცვის ადგილი) ამჟამინდელი ადგილსამყოფელი თაროზე განთავსების ადგილი შეძენის თარიღი ღირებულება, შესყიდვის ნორმალური ფასი სრული შენახვის შიფრი შტრიხკოდი ბოლო ოპერაციის თარიღი ეგზემპლარის მიმდევრობითი ნომერი (კეტერი?) ფასის ძალაში შესვლის თარიღი ეგზემპლარის სახეობა საჯარო შენიშვნა
          ბათუმის შოთა რუსთაველის სახელმწიფო უნივერსიტეტის მთავარი ბიბლიოთეკა ბათუმის შოთა რუსთაველის სახელმწიფო უნივერსიტეტის მთავარი ბიბლიოთეკა წიგნსაცავი 2025-03-13 20.00 616.71-089(084.4) ყ-98 70794 2025-03-13 70794 2025-03-13 წიგნი 20 ლ.